| 000 | 00601 a2200181 4500 | ||
|---|---|---|---|
| 001 | 125261 | ||
| 020 | _a9780545267700 | ||
| 040 | _cEscola Canadense de Niteroi | ||
| 090 | _aHUL | ||
| 100 | _aHuliska-Beith, Laura | ||
| 245 | 1 | 0 | _aJack and Jill |
| 300 | _bil. | ||
| 362 | 0 | _a2010 | |
| 490 | 0 | _aNursery Rhyme Readers | |
| 520 | _aBuild phonemic awareness and early reading skills with this beloved classic! This 8-page, beautifully illustrated nursery rhyme reader is just right for little learners. (Grade Level: Preschool-Kindergarten) | ||
| 650 | 4 | _aKindergarten's Literature | |
| 942 | _cBK | ||
| 999 |
_c125261 _d125261 |
||